| 000 | 00564nam a2200205 a 4500 | ||
|---|---|---|---|
| 001 | 2094 | ||
| 003 | CDMR | ||
| 005 | 20131126180031.0 | ||
| 008 | 130130s1972||||||||||||||||||||||||||||d | ||
| 040 |
_aCDMR _bcat _cCDMR |
||
| 100 | 1 |
_aFolliet, Joseph _91337 |
|
| 245 | 1 | 3 | _aLa información hoy y el derecho a la información |
| 260 |
_aSantander _c1972 _bSal Terrae |
||
| 300 | _a491 p. | ||
| 490 | 0 |
_aMundo Nuevo _v6 |
|
| 650 | 0 | 4 |
_91574 _aLlibertat d'informació |
| 650 | 0 | 4 |
_93208 _aPeriodisme _xDret i legislació |
| 650 | 0 | 4 |
_94396 _aDret i ètica |
| 942 |
_cMON _2udc |
||
| 999 |
_c2094 _d2094 |
||